000 00333nam a22001457a 4500
008 230518b ||||| |||| 00| 0 eng d
020 _a0721631606
041 _aeng
080 _a616.53
082 _a616.53SCH
100 _a14
101 _aPEDI
245 _aINSTRUCTIONS FOR PEDIATRIC PATIENTS
_cSCHMITT.D.B
942 _2udc
_cBK
999 _c59773
_d59773